000 00352nam a2200145Ia 4500
008 230711s9999||||xx |||||||||||||| ||und||
041 _aENG
082 _a720
_bRA-I
100 _aRandhwa,TS
245 4 _aThe Indian country of house
250 _a1st Ed.
260 _c1994
_aNew Delhi
_bCouncil of Architecture
650 _aArchitecture
942 _cBK
999 _c3941
_d3941